000 00805nam a2200241 i 4500
001 125312
003 ES-MaACL
005 20230906192612.0
007 t|
008 070601s1932 sp ||||1| spa d
080 _a821.134.2-22"19"
100 1 _aMata, Pedro,
_d1875-1946
_978887
245 1 3 _aEl nublado
_b: comedia en tres actos : original /
_cPedro Mata ; dibujos de Antonio Merlo.
260 _aMadrid :
_bEditorial Estampa,
_c1932.
300 _a61 p. :
_bil. ;
_c17 cm.
490 1 _aLa Farsa ;
_vnúm. 248
500 _aEstrenada en el teatro Lara la noche del 17 de mayo de 1932.
700 1 _aMerlo, Antonio.
_980579
830 0 _aLa Farsa ;
_vnúm. 248
_9185863
852 _aES-MaACL
_j2231-F-14
_bR.142252
852 _aES-MaACL
_jB-5782
_9R.144187
999 _c125312
_d125312